000 00376 a2200145 4500
999 _c4654
_d4654
020 _a0869222600
050 _aPL8547 MPO 2000
100 _aMpofu, P.
_eauthor
245 _aUgqozi lwezimbongi /
_cP. Mpofu
264 _aGweru
_bMambo Press
_c2000
300 _a156p. :
500 _aThe poets inspiration
650 _aNdebele folklore
_xPoetry
942 _2lcc
_cBK
_h8547
_iMPO
_kPL